Genetika a šlechtění ryb /

Other Authors: Flajšhans, Martin, 1964-
Language: Czech
Published: Vodňany : Jihočeská univerzita v Českých Budějovicích, Fakulta rybářství a ochrany vod, 2013
Edition: 2., rozš. a upr. vyd.
Subjects:
Physical Description: 305 s. : il. (převážně barev.) ; 25 cm
Language note: Anglické resumé
Book
Saved in:
LEADER 01662nam a2200469 a 4500
001 nkc20132467129
003 CZ PrNK
005 20130925083331.0
007 ta
008 130611s2013 xr a f 000 0 cze
015 |a cnb002467129 
020 |a 978-80-87437-48-3  |q (váz.) 
035 |a (OCoLC)855465000 
040 |a OLA001  |b cze  |d ABA001 
041 0 |a cze  |b eng 
072 7 |a 639.2/.6  |x Rybářství  |2 Konspekt  |9 24 
080 |a 639.21/.22  |2 MRF 
080 |a 591.15  |2 MRF 
080 |a 639.3.032  |2 MRF 
080 |a (048.8:082)  |2 MRF 
245 0 0 |a Genetika a šlechtění ryb /  |c Martin Flajšhans ... [et al.] 
250 |a 2., rozš. a upr. vyd. 
260 |a Vodňany :  |b Jihočeská univerzita v Českých Budějovicích, Fakulta rybářství a ochrany vod,  |c 2013 
300 |a 305 s. :  |b il. (převážně barev.) ;  |c 25 cm 
500 |a 500 výt. 
504 |a Obsahuje bibliografie 
546 |a Anglické resumé 
650 0 7 |a ryby  |7 ph116093  |2 czenas 
650 0 7 |a genetika živočichů  |7 ph114610  |2 czenas 
650 0 7 |a šlechtění ryb  |7 ph127831  |2 czenas 
650 0 9 |a fishes  |2 eczenas 
650 0 9 |a animal genetics  |2 eczenas 
650 0 9 |a fish breeding  |2 eczenas 
655 7 |a kolektivní monografie  |7 fd501537  |2 czenas 
655 9 |a collective monographs  |2 eczenas 
700 1 |a Flajšhans, Martin,  |d 1964-  |7 xx0007184  |4 aut 
910 2 |a BOA001  |b 2-1305.921 
990 |a BK 
995 |a 01 
991 |b 201306  |c NOV  |e n 
996 6 |b 2610553539  |c 2-1305.921  |l MZK  |r Sklad / do 1 hodiny  |n 2  |p p.v.  |w 001338017  |u 000010  |a 1  |e BOA001  |j MZK50  |s P 
996 7 |b 2610563165  |c 2-1305.921  |l MZK  |r Sklad / do 1 hodiny  |n 2  |p dar  |w 001338017  |u 000020  |a 1  |e BOA001  |j MZK50  |s A